| 000 | 00604nam a2200169Ia 4500 | ||
|---|---|---|---|
| 003 | GCL | ||
| 008 | 140319s9999 xx 000 0 ara d | ||
| 040 |
_aGCL / _cGCL |
||
| 082 | 0 | 4 |
_a213 _bم و |
| 100 | 1 | _aمحمد نعيم عبدالسلام ياسين | |
| 245 | 1 | 0 |
_aوظيفة المؤمنين فى التصور الاسلامى . / _cمحمد نعيم عبدالسلام ياسين |
| 260 |
_aالقاهرة : _bدار الوفاء للطباعة والنشر والتوزيع ، _c1990 |
||
| 300 |
_a66 ص ؛ _c14 سم |
||
| 490 | _a | ||
| 650 | 0 | 4 | _aالاسلام - دعوة |
| 942 |
_2ddc _cBK |
||
| 999 |
_c29550 _d29550 |
||